00486nam a22001457a 4500020001800000082001600018100002300034245004400057260004700101300000800148650002300156942000700179952013700186999001700323 a9788120819772 a181.044 BAL aBalcerowicz, Piotr aEssays in Jaina Philosophy and Religion aDelhibMotilal Banarsidas Publishersc2003 a308 aPhilosophy-Jainism cBK 001040708NFICaHMIbHMIcGENd2020-09-15eDasgupta Publishers, Kolkatag495.00l0o181.044 BALp25784r2020-09-25w2020-09-25yBK c23108d23108